000 00654nam a22001931cc4500
001 a987692779+Band2
035 _aa987692779
008 191205s2018 gw |||| 000u ger d
020 _a9783837514902
_9978-3-8375-1490-2
245 0 0 _aRusslanddeutsche Lieder
_nBand 2
_pAnalysen und Quellen
264 _aEssen :
_bKlartext,
_c2018
300 _a431 Seiten
246 1 2 _aRusslanddeutsche Lieder : Geschichte - Sammlung - Lebenswelten. Analysen und Quellen
_nBand 2
773 0 8 _wa987692779
_qBand2
942 _cMG
040 _cRU-10907106
003 RU-10907106
999 _c28916
_d28916
490 0 _aVeröffentlichungen zur Kultur und Geschichte im östlichen Europa
_v52-2